Strategic financial planning (Record no. 76839)

MARC details
000 -LEADER
fixed length control field 00915nam a2200193 a 4500
008 - FIXED-LENGTH DATA ELEMENTS--GENERAL INFORMATION
fixed length control field 120416s1980 ||||||||||||||||| || u
020 ## - INTERNATIONAL STANDARD BOOK NUMBER
International Standard Book Number 0029035600
050 ## - LIBRARY OF CONGRESS CALL NUMBER
Classification number HG 4011 Bie
100 ## - MAIN ENTRY--PERSONAL NAME
Personal name Bierman, Harold
245 10 - TITLE STATEMENT
Title Strategic financial planning
246 ## -
-- a manager's guide to improving profit performance
260 ## - PUBLICATION, DISTRIBUTION, ETC.
Place of publication, distribution, etc. London
Name of publisher, distributor, etc. Macmillan
Date of publication, distribution, etc. 1980
350 ## -
-- 0.00
650 #0 - SUBJECT ADDED ENTRY--TOPICAL TERM
Topical term or geographic name entry element MANAGEMENT
650 ## - SUBJECT ADDED ENTRY--TOPICAL TERM
Topical term or geographic name entry element CORPORATIONS--FINANCE
995 ## -
-- ANNEX COLLECTION (Main Library)
-- 0.00
-- 704295
-- CBU-MAIN LIBRARY (Kitwe)
-- 3
-- 9.95
-- HG 4011 Bie
-- 3
-- AVAILABLE
-- 007223
-- Annex Low-Usage Collection
995 ## -
-- ANNEX COLLECTION (Main Library)
-- 0.00
-- 704296
-- CBU-MAIN LIBRARY (Kitwe)
-- 1
-- 9.95
-- HG 4011 Bie
-- 1
-- AVAILABLE
-- 007224
-- Annex Low-Usage Collection
995 ## -
-- ANNEX COLLECTION (Main Library)
-- 0.00
-- 704297
-- CBU-MAIN LIBRARY (Kitwe)
-- 2
-- 9.95
-- HG 4011 Bie
-- 2
-- AVAILABLE
-- 007225
-- Annex Low-Usage Collection
999 ## -
-- 76839
-- 76839
Holdings
Withdrawn status Lost status Source of classification or shelving scheme Damaged status Not for loan Permanent Location Current Location Shelving location Date acquired Total Checkouts Full call number Barcode Date last seen Copy number Price effective from Koha item type
          CBU-MAIN LIBRARY, KITWE. CBU-MAIN LIBRARY, KITWE.   04/25/2023   HG 4011 Bie 007223 04/25/2023 1 04/25/2023 MONOGRAPH
Withdrawn         CBU-MAIN LIBRARY, KITWE. CBU-MAIN LIBRARY, KITWE.   04/25/2023   HG 4011 Bie 007224 04/25/2023 2 04/25/2023 MONOGRAPH
          CBU-MAIN LIBRARY, KITWE. CBU-MAIN LIBRARY, KITWE.   04/25/2023   HG 4011 Bie 007225 04/25/2023 3 04/25/2023 MONOGRAPH